000 00475nam a2200169Ia 4500
003 GCL
008 140319s9999 xx 000 0 ara d
040 _aGCL /
_cGCL
082 0 4 _a891.55
_bب م
100 1 _aبديع محمد جمعة
245 1 0 _aمن روائع الادب الفارسى /
_cبديع محمد جمعة
300 _a360 ص
490 _a100 قصة
_v0
650 0 4 _aالشعر الفارسى
650 0 4 _aالادب الفارسى
942 _2ddc
_cBK
999 _c45815
_d45815